Managing for quality and performance excellence

Αποθηκεύτηκε σε:
Λεπτομέρειες βιβλιογραφικής εγγραφής
Κύριος συγγραφέας: Evans, James R. (James Robert), 1950-
Άλλοι συγγραφείς: Lindsay, William M.
Μορφή: Βιβλίο
Γλώσσα:English
Δημοσίευση: Australia : South-Western Cengage Learning, c2014
Έκδοση:9th ed.
Θέματα:
Ετικέτες: Προσθήκη ετικέτας
Δεν υπάρχουν, Καταχωρήστε ετικέτα πρώτοι!

MARC

LEADER 00000nam a2200000 i 4500
001 1/59225
008 141106s2014 eng d
020 |a 978-1-285-09459-5 (pbk.) 
020 |a 1-285-09459-X (pbk.) 
035 |l 10119660 
040 |a GR-MY-UA  |b gre  |e aacr 
041 0 |a eng 
082 0 |a 658.562   |2 (23) 
100 1 |a Evans, James R.   |q (James Robert),   |d 1950- 
245 1 0 |a Managing for quality and performance excellence /  |c James R. Evans, William M. Lindsay 
250 |a 9th ed. 
260 |a Australia :   |b South-Western Cengage Learning,   |c c2014 
300 |a 1 τ. (ποικίλες σελιδαριθμήσεις);  |b πίν., σχέδια;  |c 26 εκ. 
504 |a Περιλαμβάνει βιβλιογραφικές παραπομπές και ευρετήριο 
650 0 0 |a Quality control. 
650 0 0 |a Total quality management. 
650 0 0 |a Quality assurance. 
700 1 |a Lindsay, William M. 
852 |a INST  |b CHIOS  |e 20141106  |h 658.562 EVA  |p 005200035849  |q 005200035849  |t BK  |y 0 
901 |a BIBL2-2014-3 
909 |a Χ  |b 189153 
922 |a 2ΕΛΗ  |b 201405  |c ΤΑΚ/ΤΔΕ  |d ΔΡΕΣ 
970 |a ΣΠΕΝΤΖΑ  |b ΕΛΕΝΗ  |z 2014/11/06